01499nam a2200349Ia 4500001001200000003000800012006001900020007001500039008004100054010001700095020001800112020001800130020002600148040002100174035002100195050002500216082001800241100002300259240002900282245010900311260006900420300002600489500014200515504005100657533015200708650005000860651005000910655002900960710001700989856012601006999001701132ebr10408840CaPaEBRm u cr cn|||||||||100112r20101970aluab sb s001 0 eng d z 2010000257 z9780817351038 z9780817356170 z9780817383923 (ebook) aCaPaEBRcCaPaEBR a(OCoLC)68062079114aE475.53b.H37 2010eb04a973.7/3492221 aHassler, Warren W.10aCrisis at the crossroads14aThe first day at Gettysburgh[electronic resource] :bcrisis at the crossroads /cWarren W. Hassler, Jr. aTuscaloosa, Ala. :bUniversity of Alabama Press,c[2010], c1970. a214 p. :bill., maps. aOriginally published: Tuscaloosa : University of Alabama Press, 1970, under title Crisis at the crossroads : the first day at Gettybsurg. aIncludes bibliographical references and index. aElectronic reproduction.bPalo Alto, Calif. :cebrary,d2010.nAvailable via World Wide Web.nAccess may be limited to ebrary affiliated libraries. 0aGettysburg, Battle of, Gettysburg, Pa., 1863. 0aUnited StatesxHistoryyCivil War, 1861-1865. 7aElectronic books.2local2 aebrary, Inc.40uhttp://site.ebrary.com/lib/rucke/Doc?id=10408840zAn electronic book accessible through the World Wide Web; click to view c79894d79894